| 000 | 00903nam a2200253 a 4500 | ||
|---|---|---|---|
| 003 | BD-DhJNU | ||
| 005 | 20250102050028.0 | ||
| 008 | 170609s2018 enk b 001 0 eng | ||
| 020 | _a9781108420952 (hardback) | ||
| 020 | _a9781108431125 (paperback) | ||
| 040 |
_aBD-DhJNU _bENG _cBD-DhJNU _dBD-DhJNU |
||
| 082 | 0 | 0 |
_a344.046 SAP _223 |
| 100 | 1 | _aSands, Philippe | |
| 245 | 1 | 0 |
_aPrinciples of international environmental law / _cPhilippe Sands ... [et al.]. |
| 250 | _a4th ed. | ||
| 264 | 1 |
_aCambridge, United Kingdom ; _aNew York, NY, USA : _bCambridge University Press, _c2018. |
|
| 300 |
_alxviii, 968 pages ; _c26 cm |
||
| 504 | _aIncludes bibliographical references and index. | ||
| 650 | 0 | _aEnvironmental law, International. | |
| 700 | 1 |
_aPeel, Jacqueline, _d1974- _eauthor. |
|
| 700 | 1 |
_aFabra Aguilar, Adriana, _d1966- _eauthor. |
|
| 700 | 1 |
_aMacKenzie, Ruth, _d1964- _eauthor. |
|
| 942 | _cBK | ||
| 999 |
_c1037 _d1037 |
||